La experiencia contemporánea en Nicaragua /
Kaydedildi:
| Yazar: | |
|---|---|
| Materyal Türü: | Metin |
| Konular: | |
| Etiketler: |
Etiketle
Etiket eklenmemiş, İlk siz ekleyin!
|
MARC
| LEADER | 00000 a a2200000 04500 | ||
|---|---|---|---|
| 001 | 48921 | ||
| 003 | |||
| 040 | |||
| 100 | |a Polo-Cheva, Demetrio | ||
| 245 | |a La experiencia contemporánea en Nicaragua / |c Demetrio Polo-Cheva | ||
| 650 | |a INTERVENCION EXTRANJERA | ||
| 650 | |2 Macrothesaurus de la OCDE | ||
| 650 | |a IMPERIALISMO | ||
| 650 | |2 Macrothesaurus de la OCDE | ||
| 650 | |a REVOLUCION | ||
| 650 | |2 Macrothesaurus de la OCDE | ||
| 650 | |a DICTADURA | ||
| 650 | |2 Macrothesaurus de la OCDE/ | ||
| 773 | |g páginas 265-279 | ||
| 999 | |c 31280 |d 31280 | ||
